| 000 | 00484nam a2200157 i 4500 | ||
|---|---|---|---|
| 001 | 59786 | ||
| 003 | ES-MaACL | ||
| 005 | 20230906164111.0 | ||
| 007 | t| | ||
| 008 | 031030s1966 sp ||||1| spa d | ||
| 100 | 1 |
_aEransus Iribarren, Ambrosio. _947347 |
|
| 245 | 1 | 0 |
_aEntre fronteras _b: ideas de ejercicios a las familias / _cAmbrosio eransus Iribarren. |
| 260 |
_aPamplona : _b[s.n., _c1966] ( _fGráf. Arga) |
||
| 300 |
_a271 p. ; _c17 cm. |
||
| 852 |
_aES-MaACL _jC-31397 _bR.62119 |
||
| 999 |
_c59786 _d59786 |
||